The Toyota template : the plan for just-in-time and culture change beyond lean tools /

Bibliographic Details
Main Author: Ledbetter, Phil (Author)
Corporate Author: Taylor & Francis
Format: eBook
Language:English
Published: Boca Raton, FL : Taylor & Francis, [2018]
Subjects:
Online Access:Connect to the full text of this electronic book

MARC

Tag First Indicator Second Indicator Subfields
LEADER 00000cam a2200000Mi 4500
001 in00003969721
005 20190416173046.0
006 m o d
007 cr |n|||||||||
008 180116s2018 flu o 000 0 eng d
020 |a 9781351263726  |q electronic book 
020 |a 1351263722  |q electronic book 
020 |z 1138578711 
020 |z 9781138578715 
024 8 |a 40027906511 
035 |a (NhCcYBP)ybp15082835 
040 |a NhCcYBP  |c NhCcYBP  |d UtOrBLW 
050 4 |a TS157.4  |b .L434 2018 
082 0 4 |a 658.5  |2 23 
100 1 |a Ledbetter, Phil,  |e author.  |0 http://id.loc.gov/authorities/names/n2017053365 
245 1 4 |a The Toyota template :  |b the plan for just-in-time and culture change beyond lean tools /  |c by Phil Ledbetter. 
264 1 |a Boca Raton, FL :  |b Taylor & Francis,  |c [2018] 
300 |a 1 online resource. 
336 |a text  |b txt  |2 rdacontent 
337 |a computer  |b c  |2 rdamedia 
338 |a online resource  |b cr  |2 rdacarrier 
588 |a Description based on online resource; title from digital title page (viewed on February 21, 2018). 
500 |a Electronic resource. 
610 2 0 |a Toyota Jidōsha Kōgyō Kabushiki Kaisha.  |0 http://id.loc.gov/authorities/names/n81038505 
650 0 |a Just-in-time systems.  |0 http://id.loc.gov/authorities/subjects/sh88003148 
650 0 |a Production control.  |0 http://id.loc.gov/authorities/subjects/sh85107211 
650 0 |a Corporate culture.  |0 http://id.loc.gov/authorities/subjects/sh85032896 
655 7 |a Electronic books.  |2 local 
710 2 |a Taylor & Francis.  |0 http://id.loc.gov/authorities/names/n84073022 
776 1 8 |c Original  |z 1138578711  |z 9781138578715 
856 4 0 |u http://proxy.library.tamu.edu/login?url=https://www.taylorfrancis.com/books/9781351263726  |z Connect to the full text of this electronic book  |t 0 
955 |a YBP purchased approval e-records 
980 |b 34.95  |g 1 
999 f f |s 7bd0f7f9-0557-3e34-82bc-f017e343bbe8  |i 299a7365-dcf0-381d-b2b8-a4dae1aa6131  |t 0 
952 f f |a Texas A&M University  |b College Station  |c Electronic Resources  |d Available Online  |t 0  |e TS157.4 .L434 2018  |h Library of Congress classification 
998 f f |a TS157.4 .L434 2018  |t 0  |l Available Online